| 000 | 01032cam a22003137a 4500 | ||
|---|---|---|---|
| 001 | 000047166 | ||
| 003 | CHAP | ||
| 005 | 20220329140037.0 | ||
| 008 | 971013s1966 r 00010 d | ||
| 010 | _a46107 | ||
| 011 | _a47079 | ||
| 035 | _a51220 | ||
| 040 | _cCHAP | ||
| 090 | _aFolleto 820 | ||
| 111 | 0 | 0 |
_aReunión de Profesores Latinoamericanos de Biología para la Discusión de Problemas de Entrenamiento en el Biological Sciences Curriculum Study (BSCS). Lima, _d1966. _996335 |
| 245 | 1 | 0 | _aConclusiones. |
| 260 |
_aLexington, Ma. : _bRaytheon Company, _c1966. |
||
| 300 | _a71 p. | ||
| 590 |
_aBATCH-UPD _b10 _c20130110 _lUCH01 _h1905 |
||
| 590 |
_aBATCH-UPD _b10 _c20130410 _lUCH01 _h1232 |
||
| 590 |
_aBATCH-UPD _b10 _c20130914 _lUCH01 _h0633 |
||
| 590 |
_aCONVERSION _b10 _c20130109 _lUCH01 _h1325 |
||
| 590 |
_aE5995AHE _b05 _c20141117 _lUCH01 _h1040 |
||
| 650 | 1 | 4 |
_aBiología _xEstudio y enseñanza. _912782 |
| 901 | _aBK | ||
| 942 | _cFOLL | ||
| 942 | _n0 | ||
| 949 |
_aFolleto 820 _bBC _cFOLL _d-114721 _eTS1 _i51220 _si |
||
| 999 |
_c46107 _d46107 |
||